000 00918nam a2200289 a 4500
001 24902
003 CO-ViMGA
008 141112s2004 ck r 000 u spa d
020 _a9789589780961
040 _aCO-ViMGA
_bspa
_cCO-ViMGA
041 _aSPA
090 _aA BAR2
100 1 _aBarton, Byron
_930899
245 1 0 _aLa gallinita roja /
_ctexto e ilustraciones Byron Barton ; traducción Julia Vinent
250 _a1a ed.
260 _aBogotá :
_bCorimbo; Monserrate,
_c2012
300 _a30 p. : il. col. : il.
500 _aTítulo original : The little red hen
650 1 4 _aCOOPERACION - LIBROS DE IMAGENES
_937299
650 1 4 _aCUENTOS CLASICOS - ADAPTACIONES
_937300
650 1 4 _aDESDE LOS 18 MESES
_937301
650 1 4 _aGALLINAS - LIBROS DE IMAGENES
_937302
650 1 4 _aLIBROS DE IMAGENES
_929438
700 1 _aBarton, Byron
_930899
700 1 _aVinent, Julia
_937303
942 _2ddc
_cBK
999 _c2494
_d2494